[Event "SLO-chT2 West"]
[Site "Komenda"]
[Date "2018.11.25"]
[Round "7.1"]
[White "Luzar, Emil"]
[Black "Buha, Drago"]
[Result "1-0"]
[WhiteElo "2115"]
[BlackElo "1950"]
[PlyCount "81"]
[EventDate "2018.11.10"]
[EventType "team-tourn"]
[EventRounds "7"]
[EventCountry "SLO"]
[SourceTitle "EXT 2020"]
[Source "ChessBase"]
[SourceDate "2019.10.17"]
[SourceVersion "1"]
[SourceVersionDate "2019.10.17"]
[SourceQuality "1"]
[WhiteTeam "Dolenjske Toplice"]
[BlackTeam "Radovljica"]
[WhiteTeamCountry "SLO"]
[BlackTeamCountry "SLO"]

1. e4 d6 2. d4 Nf6 3. Nc3 g6 4. Bc4 Bg7 5. Qe2 0-0 6. e5 Ne8 7. f4 dxe5 8. dxe5 e6 9. Nf3 b6 10. b3 Bb7 11. Ba3 c5 12. Rd1 Qe7 13. 0-0 Nc7 14. Rd6 Nc6 15. Rfd1 Rfd8 16. Ne4 Ne8 17. Bb2 Nxd6 18. exd6 Qf8 19. Bf6 Bxf6 20. Nxf6+ Kg7 21. Qe3 Kh8 22. Ng5 h6 23. Qh3 Kg7 24. Ng4 h5 25. Qc3+ Nd4 26. Rxd4 hxg4 27. Rd3+ Kh6 28. Bxe6 Be4 29. Nxf7+ Kh7 30. Ng5+ Kh6 31. Nxe4 Qxf4 32. Qd2 Qxd2 33. Rxd2 Re8 34. Bd5 Rad8 35. Kf2 Re5 36. Kg3 Rh5 37. Bc6 Re5 38. d7 Re6 39. Nd6 Kh5 40. Rd5+ g5 41. Nf7 1-0

[Event "SLO-chT2 West"]
[Site "Slovenia"]
[Date "2015.11.07"]
[Round "6"]
[White "Luzar, Emil"]
[Black "Buha, Drago"]
[Result "1-0"]
[WhiteElo "2193"]
[BlackElo "2008"]
[PlyCount "39"]
[EventDate "2015.10.17"]
[EventType "team-tourn"]
[EventRounds "7"]
[EventCountry "SLO"]
[SourceTitle "EXT 2019"]
[Source "ChessBase"]
[SourceDate "2018.10.10"]
[SourceVersion "1"]
[SourceVersionDate "2018.10.10"]
[SourceQuality "1"]
[WhiteTeam "Dolenjske Toplice"]
[BlackTeam "Radovljica"]
[WhiteTeamCountry "SLO"]
[BlackTeamCountry "SLO"]

1. e4 e5 2. Nf3 Nc6 3. Bb5 d6 4. 0-0 Bd7 5. c3 Nf6 6. Re1 Be7 7. d3 0-0 8. Nbd2 h6 9. h3 Qc8 10. Nf1 Nd8 11. Bxd7 Qxd7 12. d4 exd4 13. cxd4 Ne6 14. Ng3 Nh7 15. Nf5 Bg5 16. Nxg5 Nexg5 17. h4 Ne6 18. d5 Nc5 19. b4 Na4 20. Qg4 1-0

[Event "SLO-chT2 West"]
[Site "Ljubljana"]
[Date "2014.11.08"]
[Round "8"]
[White "Buha, Drago"]
[Black "Persl, Bojan"]
[Result "1-0"]
[WhiteElo "2008"]
[BlackElo "2083"]
[PlyCount "93"]
[EventDate "2014.10.17"]
[EventType "team-tourn"]
[EventRounds "9"]
[EventCountry "SLO"]
[SourceTitle "EXT 2019"]
[Source "ChessBase"]
[SourceDate "2018.10.10"]
[SourceVersion "1"]
[SourceVersionDate "2018.10.10"]
[SourceQuality "1"]
[WhiteTeam "Radovljica"]
[BlackTeam "Ljubljana KC"]
[WhiteTeamCountry "SLO"]
[BlackTeamCountry "SLO"]

1. e4 e5 2. Nf3 Nc6 3. Nc3 Nf6 4. Bb5 d6 5. 0-0 Bd7 6. h3 Be7 7. d3 0-0 8. Be3 a6 9. Ba4 b5 10. Bb3 Na5 11. Nd2 Nxb3 12. Nxb3 c5 13. Nd2 Bc6 14. f4 exf4 15. Bxf4 Qb6 16. Qf3 Qb7 17. Qg3 Nh5 18. Qg4 Nxf4 19. Qxf4 Rad8 20. Rab1 f5 21. Qg3 fxe4 22. Rxf8+ Rxf8 23. Ndxe4 d5 24. Nd2 Rf6 25. Rf1 b4 26. Rxf6 bxc3 27. Rf2 cxd2 28. Rxd2 Bf6 29. c3 d4 30. c4 Qe7 31. Qb8+ Kf7 32. Rf2 Bb7 33. a3 h6 34. Kf1 Kg6 35. Re2 Qf7 36. Rf2 Qd7 37. b4 cxb4 38. axb4 Qc6 39. Qf4 Bc8 40. Rf3 Be6 41. h4 h5 42. Rf2 Qb6 43. Qe4+ Kf7 44. Re2 Qd6 45. g3 Bd7 46. Kf2 Bg4 47. Qe8# 1-0

[Event "SLO-chT2 West"]
[Site "Ljubljana"]
[Date "2013.11.16"]
[Round "7.2"]
[White "Lucovnik, Tilen"]
[Black "Buha, Drago"]
[Result "1-0"]
[WhiteElo "1952"]
[BlackElo "2026"]
[PlyCount "89"]
[EventDate "2013.11.08"]
[EventType "team"]
[EventRounds "9"]
[EventCountry "SLO"]
[SourceTitle "EXT 2015"]
[Source "ChessBase"]
[SourceDate "2014.11.20"]
[SourceVersion "1"]
[SourceVersionDate "2014.11.20"]
[SourceQuality "1"]
[WhiteTeam "Komenda Popotnik"]
[BlackTeam "Radovljica"]
[WhiteTeamCountry "SLO"]
[BlackTeamCountry "SLO"]

1. e4 e5 2. Nf3 Nc6 3. d4 exd4 4. Nxd4 Nxd4 5. Qxd4 Nf6 6. Nc3 d6 7. Bc4 Be7 8. f3 0-0 9. Be3 b6 10. 0-0 a5 11. a4 Rb8 12. Rad1 Qe8 13. Nb5 Rb7 14. Bf2 h6 15. Rfe1 Be6 16. Bxe6 fxe6 17. e5 c5 18. Qd3 dxe5 19. Rxe5 Rd7 20. Qe2 Rxd1+ 21. Qxd1 Qc6 22. Qe2 Kf7 23. Qc4 Nd7 24. Re1 Qd5 25. Qe2 e5 26. c4 Qc6 27. f4 Bf6 28. Rd1 Kg8 29. Rd6 Qc8 30. Qd3 Rf7 31. Qd5 exf4 32. Rc6 Qb8 33. Nd6 Qf8 34. Rc8 Bd8 35. Qxf7+ Qxf7 36. Nxf7 Kxf7 37. Rxd8 Ke7 38. Rc8 Ke6 39. Be1 Ne5 40. Bc3 Nxc4 41. Bxg7 Kf7 42. Bc3 Kg6 43. b3 Ne3 44. Rc6+ Kh5 45. Rxb6 1-0

[Event "SLO-chT2 West"]
[Site "Ljubljana"]
[Date "2013.11.10"]
[Round "4.2"]
[White "Buha, Drago"]
[Black "Hasanagic, Anel"]
[Result "1/2-1/2"]
[WhiteElo "2026"]
[BlackElo "2137"]
[PlyCount "113"]
[EventDate "2013.11.08"]
[EventType "team"]
[EventRounds "9"]
[EventCountry "SLO"]
[SourceTitle "EXT 2015"]
[Source "ChessBase"]
[SourceDate "2014.11.20"]
[SourceVersion "1"]
[SourceVersionDate "2014.11.20"]
[SourceQuality "1"]
[WhiteTeam "Radovljica"]
[BlackTeam "Jesenice"]
[WhiteTeamCountry "SLO"]
[BlackTeamCountry "SLO"]

1. e4 c6 2. Nc3 d5 3. d4 dxe4 4. Nxe4 Bf5 5. f3 e6 6. Be3 Bxe4 7. fxe4 Qh4+ 8. Bf2 Qxe4+ 9. Qe2 Qxe2+ 10. Bxe2 Nf6 11. a3 Bd6 12. Bf3 g5 13. h3 Nbd7 14. Ne2 0-0-0 15. 0-0-0 h5 16. Nc3 g4 17. Be2 Rdg8 18. Be3 gxh3 19. gxh3 Nd5 20. Nxd5 cxd5 21. c4 Rg2 22. Rd2 dxc4 23. Bxc4 Rxd2 24. Kxd2 Nb6 25. Bb3 Kd7 26. Rf1 Rh7 27. Bc2 f5 28. Rxf5 Nc4+ 29. Ke2 Rg7 30. Rg5 Rxg5 31. Bxg5 Nxb2 32. Bg6 Bxa3 33. Bxh5 Be7 34. Bc1 Nc4 35. Kd3 b5 36. Bg4 Nb6 37. Be3 a5 38. Bd2 a4 39. Ba5 Nd5 40. Bd2 b4 41. Bd1 b3 42. Bc1 Kc6 43. Kc4 Nb6+ 44. Kc3 Kb5 45. Be2+ Ka5 46. Kb2 Nd5 47. Bg4 Bb4 48. Bxe6 Bc3+ 49. Ka3 Bb4+ 50. Kb2 Bc3+ 51. Ka3 Nc7 52. Bxb3 axb3 53. Kxb3 Bxd4 54. h4 Kb5 55. h5 Bg7 56. h6 Bxh6 57. Bxh6 1/2-1/2

[Event "SLO-chT2 West"]
[Site "Ljubljana"]
[Date "2012.10.20"]
[Round "2.2"]
[White "Juranic, Bruno"]
[Black "Buha, Drago"]
[Result "0-1"]
[WhiteElo "2189"]
[BlackElo "2011"]
[PlyCount "64"]
[EventDate "2012.10.19"]
[EventType "team-tourn"]
[EventRounds "9"]
[EventCountry "SLO"]
[SourceTitle "EXT 2022"]
[Source "ChessBase"]
[SourceDate "2021.10.06"]
[SourceVersion "1"]
[SourceVersionDate "2021.10.06"]
[SourceQuality "1"]
[WhiteTeam "Stari Trg ob Kolpi"]
[BlackTeam "Radovljica"]
[WhiteTeamCountry "SLO"]
[BlackTeamCountry "SLO"]

1. e4 d5 2. exd5 Qxd5 3. d4 Nc6 4. Be3 e6 5. Nc3 Bb4 6. a3 Bxc3+ 7. bxc3 Na5 8. Qd3 Nf6 9. Be2 0-0 10. Nf3 a6 11. c4 Qe4 12. Qc3 Nc6 13. Bd3 Qg4 14. h3 Qxg2 15. Ke2 Nh5 16. Rhg1 Ng3+ 17. Kd2 Qxf3 18. Rxg3 Qf6 19. f3 g6 20. Rag1 e5 21. d5 Nd4 22. f4 c5 23. dxc6 Nxc6 24. Be4 Qd6+ 25. Kc1 exf4 26. Rd1 Qc7 27. Bc5 Re8 28. Bd6 Qa5 29. Bxc6 Qxc3 30. Rxc3 bxc6 31. Bxf4 Bf5 32. Rd6 Re6 0-1

[Event "SLO-chT3 West"]
[Site "Kranj"]
[Date "2010.11.20"]
[Round "4.3"]
[White "Leben, Dusan"]
[Black "Buha, Drago"]
[Result "0-1"]
[WhiteElo "1870"]
[BlackElo "2021"]
[PlyCount "46"]
[EventDate "2010.11.19"]
[EventType "team-swiss"]
[EventRounds "5"]
[EventCountry "SLO"]
[SourceTitle "EXT 2022"]
[Source "ChessBase"]
[SourceDate "2021.10.06"]
[SourceVersion "1"]
[SourceVersionDate "2021.10.06"]
[SourceQuality "1"]
[WhiteTeam "Podpec MKK"]
[BlackTeam "Radovljica"]
[WhiteTeamCountry "SLO"]
[BlackTeamCountry "SLO"]

1. d4 d5 2. Bf4 Bf5 3. e3 e6 4. Nf3 h6 5. Be2 Nf6 6. Nbd2 Bd6 7. Ne5 Nbd7 8. Ndf3 0-0 9. 0-0 c5 10. c3 cxd4 11. exd4 a6 12. Qd2 Kh7 13. Rfe1 Nb6 14. Bf1 Nc8 15. Qc1 Ne4 16. Nd2 Ne7 17. Nxe4 Bxe4 18. Ng4 Bxf4 19. Qxf4 Ng6 20. Qd2 Bf5 21. Ne3 Qg5 22. Rad1 Nh4 23. Nxf5 Nf3+ 0-1

[Event "Bled op 24th"]
[Site "Bled"]
[Date "2003.07.15"]
[Round "2"]
[White "Srebrnic, Vojko"]
[Black "Buha, Drago"]
[Result "1-0"]
[WhiteElo "2257"]
[BlackElo "2071"]
[PlyCount "156"]
[EventDate "2003.07.14"]
[EventType "swiss"]
[EventRounds "9"]
[EventCountry "SLO"]
[SourceTitle "CBM 095 Extra"]
[Source "ChessBase"]
[SourceDate "2003.09.04"]
[SourceVersion "1"]
[SourceVersionDate "2003.09.04"]
[SourceQuality "1"]

1. e4 e5 2. Nc3 Nf6 3. Bc4 Bc5 4. d3 h6 5. f4 exf4 6. Bxf4 Bxg1 7. Rxg1 d6 8. Qd2 Be6 9. Bb3 Nbd7 10. d4 Qe7 11. 0-0-0 0-0-0 12. Rde1 Bxb3 13. axb3 g5 14. Bg3 Rhe8 15. Qe2 Nb6 16. Rgf1 Nfd7 17. Qh5 f6 18. Qxh6 Qf7 19. Qxg5 Qxb3 20. Rxf6 Qc4 21. Rf3 Qxd4 22. Nb5 Qh8 23. Nxa7+ Kb8 24. Nb5 Ne5 25. Rf5 Nec4 26. Qf6 Qh7 27. Qf7 Qh6+ 28. Bf4 Qh4 29. g3 Qh8 30. Qf6 Qxh2 31. Qc3 Qg2 32. b3 Rxe4 33. bxc4 Rxc4 34. Qd2 Qh3 35. Rg5 Qh8 36. Na3 Ra4 37. Nb1 Ra1 38. Qb4 Ra4 39. Qc3 Qh2 40. Rb5 Qg2 41. Rxb6 cxb6 42. Rd1 Qc6 43. Qxc6 bxc6 44. Rxd6 Rxd6 45. Bxd6+ Kc8 46. Bf4 Kd7 47. Kd2 Re4 48. Kd3 Re1 49. Nd2 Ke6 50. Nf3 Rd1+ 51. Ke4 c5 52. Be3 Rb1 53. Kd3 Kf5 54. Bf4 b5 55. Nd2 Ra1 56. Kc3 Ra4 57. Nb3 Rc4+ 58. Kd3 Ke6 59. Nd2 Ra4 60. Ne4 Rd4+ 61. Ke3 Kd5 62. Nc3+ Kc4 63. Ne2 Rd8 64. g4 b4 65. g5 b3 66. cxb3+ Kxb3 67. Be5 Kc4 68. Ke4 Rg8 69. Kf5 Rf8+ 70. Bf6 Kd3 71. Nc3 c4 72. g6 Rg8 73. g7 Rxg7 74. Bxg7 Kc2 75. Ke4 Kb3 76. Kd4 Kb4 77. Bf6 Kb3 78. Be7 Kc2 1-0